000 00421nam a2200157 i 4500
001 23268
003 ES-MaACL
005 20230906152837.0
007 t|
008 021209s1894 fr ||||1| fre d
100 1 _aAllard, Paul.
_919961
245 1 0 _aEsclaves, serfs et mainmortables /
_cPaul Allard.
260 _a[Paris?] :
_bBrux a Bromant et CÂȘ,
_c1894.
300 _a296 p. ;
_c23 cm.
852 _aES-MaACL
_jF-4383
999 _c23268
_d23268